Five Closest World Capitals by Country in Two Minutes - Statistics

General Stats
  • This quiz has been taken 56 times
  • The average score is 17 of 30
Answer Stats
km capital miles % Correct
320 Sucre 199
93%
94 Montevideo 59
91%
1437 Brasília 893
89%
1852 Canberra 1151
89%
45 Santiago 28
89%
0.5 Asunción 0.3
87%
347 Hanoi 216
83%
539 Reykjavík 335
74%
1867 Oslo 1160
70%
1 Vientiane 1
70%
1991 Dublin 1237
67%
269 Kuala Lumpur 167
63%
1 Brazzaville 1
59%
203 Kingston 126
59%
173 Naypyidaw 108
59%
2165 Stockholm 1345
59%
258 Port-au-Prince 160
57%
1885 Suva 1171
57%
210 Phnom Penh 131
54%
297 Nassau 185
50%
468 Santo Domingo 291
46%
1904 Port Vila 1183
37%
79 Kigali 49
33%
1870 Nuku'alofa 1162
33%
1 Bangui 0.4
24%
79 Gitega 49
24%
1126 Tórshavn 700
22%
156 Juba 97
20%
2372 Alofi 1474
17%
647 Belmopan 402
17%
No matching quizzes found
Score Distribution
Percent of People with Each Score
Percentile by Number Answered
Your Score History
You have not taken this quiz